000 00424nam a2200145Ia 4500
008 130320s9999 xx 000 0 und d
100 _aAmitava Kundu
245 _aInitial public offer software
502 _bPGDIT
_c2005-2006
_dINT
_ePradeep Kumar K
_fSarthak Banerjee (UTI TSL)
_gUTI TSL, Mumbai
650 _aWEB APPLICATION
650 _aPUBLIC OFFER
700 _aSimi L
700 _aSuba Meenakshi
700 _aVijit K
999 _c2726
_d2726